|
|
|
|
| LEADER |
01143nam a2200337 a 4500 |
| 001 |
000030997 |
| 003 |
CZ BrMZK |
| 005 |
20230228143339.0 |
| 007 |
ta |
| 008 |
950313s1995 xr f 0 cze d |
| 015 |
|
|
|a cnb000111191
|
| 020 |
|
|
|a 80-85241-76-5
|q (v knize neuvedeno ;
|q brož.)
|
| 040 |
|
|
|a BOA001
|b cze
|
| 041 |
1 |
|
|a cze
|h eng
|
| 072 |
|
7 |
|a 321
|x Politologie
|2 Konspekt
|9 15
|
| 080 |
|
|
|a 32:1
|2 MRF
|
| 080 |
|
|
|a (0:82-4)
|2 MRF
|
| 100 |
1 |
|
|a Strauss, Leo,
|d 1899-1973
|7 jn20010525427
|4 aut
|
| 245 |
1 |
0 |
|a Eseje o politické filosofii /
|c Leo Strauss ; sestavil a předmluvu napsal Aleš Havlíček
|
| 250 |
|
|
|a 1. vyd.
|
| 260 |
|
|
|a Praha :
|b Institut pro středoevropskou kulturu a politiku,
|c 1995
|
| 300 |
|
|
|a 111 s. ;
|c 20 cm
|
| 490 |
1 |
|
|a Oikúmené
|
| 500 |
|
|
|a Překl. z angl.
|
| 650 |
0 |
7 |
|a politická filozofie
|7 ph115786
|2 czenas
|
| 655 |
|
7 |
|a eseje
|7 fd132213
|2 czenas
|
| 700 |
1 |
|
|a Havlíček, Aleš,
|d 1956-2015
|7 jn20000400911
|4 com
|
| 830 |
|
0 |
|a Oikúmené (ISE)
|0 s
|
| 910 |
|
|
|a BOA001
|b 2-1011.409
|
| 990 |
|
|
|a BK
|
| 996 |
6 |
|
|b 2610024323
|c 2-1011.409
|l MZK
|r Sklad / do 1 hodiny
|n 27
|p p.v.
|w 000030997
|u 000010
|a 1
|e BOA001
|j MZK50
|s P
|